000 01461nam0a2200325 4500
001 RU\NLR\BIBL_A\011684869
005 20180515114253.0
010 _a978-5-209-08556-0
_9100
021 _aRU
_bКН-П-18-1594
_9КН-П-18-021912
035 _a(NLR Aleph) 011684869
035 _a(RuMoRGB)009584485
090 _a11306761
_c11306761
100 _a20180419d2018 k y0rusy50 ca
101 0 _aeng
102 _aRU
105 _aa j 000zy
200 1 _aLaboratory techniques of medical microbiology
_etutorial
_fA. V. Ermolaev
_gPeoples' friendship university of Russia
210 _aMoscow
_cPeoples' friendship univ. of Russia
_d2018
215 _a63 с.
_cил.
_d20
300 _aВ вып. дан.: Лабораторные методы медицинской микробиологии / Ермолаев Андрей Владимирович
320 _aБиблиогр.: с. 62 (3 назв.)
517 1 _aЛабораторные методы медицинской микробиологии
_zrus
606 1 _aМикробиологическая диагностика
_jУчебно-методические пособия
_2nlr_sh1
_2nlr_sh2
_3RU\NLR\AUTH\6644512
686 _aР264я73-1
_2rubbk
686 1 _aР346я7
700 1 _aErmolaev
_bA. V.
_cканд. биол. наук
_gAndrej Vladimirovič
_3RU\NLR\AUTH\770142438
942 _cBOOK
980 _aNB